Tribhuvan University Central Library

Dodeldhureli bhasika ek adhysyan (Record no. 72106)

MARC details
000 -LEADER
fixed length control field 00472 a2200181 4500
041 ## - LANGUAGE CODE
Language code of text/sound track or separate title Eng
082 ## - DEWEY DECIMAL CLASSIFICATION NUMBER
Classification number CD4563
100 ## - MAIN ENTRY--PERSONAL NAME
Personal name Paneru, Deepak Raj
245 ## - TITLE STATEMENT
Title Dodeldhureli bhasika ek adhysyan
260 ## - PUBLICATION, DISTRIBUTION, ETC. (IMPRINT)
Place of publication, distribution, etc Nepalgunj:
Date of publication, distribution, etc 2067
502 ## - DISSERTATION NOTE
Dissertation note Dissertation
Degree type Degree in Nepali
Name of granting institution Mahendra Multiple campus
650 ## - SUBJECT ADDED ENTRY--TOPICAL TERM
Topical term or geographic name as entry element Language development
650 ## - SUBJECT ADDED ENTRY--TOPICAL TERM
Topical term or geographic name as entry element Nepali grammar
650 ## - SUBJECT ADDED ENTRY--TOPICAL TERM
Topical term or geographic name as entry element Tense
653 ## - INDEX TERM--UNCONTROLLED
Uncontrolled term Nepali language
654 ## -
-- Dadeldhureli language
942 ## - ADDED ENTRY ELEMENTS (KOHA)
Source of classification or shelving scheme Dewey Decimal Classification
Koha item type Audio Visual Materials
Holdings
Withdrawn status Lost status Source of classification or shelving scheme Damaged status Not for loan Home library Current library Date acquired Total Checkouts Barcode Date last seen Price effective from Koha item type
    Dewey Decimal Classification     Tribhuvan University Central Library Tribhuvan University Central Library 05/06/2014   A4208 05/06/2014 05/06/2014 Audio Visual Materials